000 01730nam a22001337a 4500
020 _qHB
040 _cFIZZA ISHAQ
082 _a320.973
_bNIC
100 _aNICK,RAGONE.
_9132393
245 _aESSENTIAL AMERICAN GOVERNMENT EVERYTHING YOU NEED TO UNDERSTAND OUR DEMOCRATIC SYSTEM /
_cNICK RAGONE.
260 _aNEW YORK; NEW YORK;
_bADAMS MEDIA;
_c2005.
300 _a305 P. ;
_c9.5X8IN
942 _2ddc
_cBK
999 _c615595
_d615595